000 00388nam a2200157 a 4500
001 0045
005 20140414131927.0
008 040131s19uu xx 00 eng d
020 _a0-688-12443-7
050 _aER
_bR22 1993
100 _aGiffard, Hannah
245 _aRed bus /
_cHannah Giffard.
260 _aItaly :
_bTambourine books,
_c1993.
300 _ap. ; cm.
999 _c112076
_d112076